| 000 | 00423nam a22001577a 4500 | ||
|---|---|---|---|
| 003 | OSt | ||
| 005 | 20140311134813.0 | ||
| 008 | 130608t xxu||||| |||| 00| 0 eng d | ||
| 050 |
_aGV 939 _b.G319 1968 |
||
| 082 |
_aM 796.33 _bG28 1968 |
||
| 245 |
_aPro football heroes / _cGelman, Steve |
||
| 260 |
_aUSA : _bScholastic Book Services, _cc1968. |
||
| 300 |
_a144 p. _bill. ; _c18 cm. |
||
| 942 |
_2lcc _cBK _kM |
||
| 999 |
_c35862 _d35862 |
||